Química orgánica

Bibliographic Details
Main Author: Morrison, Robert Thorton
Format: Section = Libro
Language:Undetermined
Spanish
Published: México Fondo Educativo Interamericano 1986
Edition:2a.ed.
Subjects:
LEADER 00601nam a2200217Ia 4500
008 240829s9999 xx 000 0 und d
020 |a 968-858-043-0 
040 |a BIBLIOTECA-RUSB/ 547 M882 
041 |a spa 
082 |a 547 M882 
100 1 |a Morrison, Robert Thorton  
245 1 0 |a Química orgánica 
250 |a 2a.ed. 
260 |a México  |b Fondo Educativo Interamericano  |c 1986 
300 |a 1374 p. :il. 
650 7 |a QUIMICA ORGANICA 
650 7 |b  HIDROCARBURO ALICICLICOS 
650 7 |c  POLIMERIZACION ALCOHOLES. Boyd, Rober Nilson Coaut 
942 |c BK  |2 ddc 
991 |a TEXTO 
999 |c 2506